Tiles - Obscure Things - Statistics

General Stats
  • This quiz has been taken 58 times
  • The average score is 31 of 45
Answer Stats
Question Tile Select % Correct
images that contain a cornice. No
98%
images that contain a cornice. No
96%
images that contain a cornice. No
94%
images that contain a cornice. Yes
88%
images that contain a cornice. Yes
86%
images that contain a cornice. Yes
84%
images that contain a cravat. No
84%
images that contain julienned items. No
84%
images that contain a jib. No
82%
images that contain a jib. No
82%
images that contain a cornice. No
80%
images that contain a cornice. No
80%
images that contain a cravat. Yes
80%
images that contain julienned items. No
80%
images that contain julienned items. Yes
80%
images that contain a cravat. Yes
78%
images that contain a cornice. Yes
76%
images that contain a peen. Yes
76%
images that contain a cravat. No
76%
images that contain julienned items. No
76%
images that contain julienned items. No
76%
images that contain a peen. No
73%
images that contain a peen. No
73%
images that contain a cravat. No
73%
images that contain a jib. No
73%
images that contain a jib. Yes
73%
images that contain a jib. Yes
73%
images that contain julienned items. Yes
73%
images that contain a peen. Yes
71%
images that contain a cravat. Yes
71%
images that contain a peen. Yes
67%
images that contain a cravat. No
65%
images that contain julienned items. No
63%
images that contain a peen. No
59%
images that contain a peen. No
59%
images that contain julienned items. Yes
53%
images that contain julienned items. Yes
53%
images that contain a cravat. No
51%
images that contain a peen. No
47%
images that contain a jib. No
43%
images that contain a jib. No
41%
images that contain a jib. Yes
41%
images that contain a jib. No
35%
images that contain a peen. Yes
29%
images that contain a cravat. Yes
29%
No matching quizzes found
Score Distribution
Percent of People with Each Score
Percentile by Number Answered
Your Score History
You have not taken this quiz